| 000 | 00470nam a2200145Ia 4500 | ||
|---|---|---|---|
| 008 | 230917s9999||||xx |||||||||||||| ||und|| | ||
| 040 |
_e171147 _aMAIN |
||
| 041 | _aEnglish | ||
| 082 | _a891.432741 GS959M | ||
| 100 | _aगुप्त, सुरेशचन्द, सम्पा. | ||
| 245 | 0 | _aमुद्राराक्षस | |
| 260 |
_aदिल्ली _bहिन्दी साहित्य संसार _c1963 |
||
| 300 | _a186 p. | ||
| 942 | _cHN | ||
| 999 |
_c192323 _d192323 |
||